000 00303nam a22001337a 4500
008 170926b xxu||||| |||| 00| 0 eng d
020 _a9780965058308
041 _aeng
080 _a37
100 _a46
101 _aEDU
245 _aCONSILIENCE THE UNITY OF KNOWLEDGE
_cWILSON,E.O
942 _2udc
_cBK
999 _c29927
_d29927